<?xml version="1.0" encoding="UTF-8"?>
<record
    xmlns:xsi="http://www.w3.org/2001/XMLSchema-instance"
    xsi:schemaLocation="http://www.loc.gov/MARC21/slim http://www.loc.gov/standards/marcxml/schema/MARC21slim.xsd"
    xmlns="http://www.loc.gov/MARC21/slim">

  <leader>05402cam a22005894i 4500</leader>
  <controlfield tag="003">PE-LiUPU</controlfield>
  <controlfield tag="005">20250731180144.0</controlfield>
  <controlfield tag="008">150706s                r     000 0     d</controlfield>
  <datafield tag="020" ind1=" " ind2=" ">
    <subfield code="a">9972290921</subfield>
  </datafield>
  <datafield tag="035" ind1=" " ind2=" ">
    <subfield code="a">(Sirsi) i9789972290923</subfield>
  </datafield>
  <datafield tag="040" ind1=" " ind2=" ">
    <subfield code="a">PE-LiUPU</subfield>
    <subfield code="b">spa</subfield>
    <subfield code="c">PE-LiUPU</subfield>
    <subfield code="e">rda</subfield>
  </datafield>
  <datafield tag="049" ind1=" " ind2=" ">
    <subfield code="a">PRUA</subfield>
  </datafield>
  <datafield tag="082" ind1="0" ind2="4">
    <subfield code="a">574.1338</subfield>
    <subfield code="b">H41</subfield>
    <subfield code="2">21</subfield>
  </datafield>
  <datafield tag="100" ind1="1" ind2=" ">
    <subfield code="a">Hern&#xE1;ndez Mart&#xED;nez, Ernesto,</subfield>
    <subfield code="e">autor.</subfield>
  </datafield>
  <datafield tag="245" ind1="1" ind2="0">
    <subfield code="a">Evaluaci&#xF3;n del pardeamiento enzim&#xE1;tico durante el almacenamiento en congelaci&#xF3;n del pur&#xE9; de palta :</subfield>
    <subfield code="b">(persea americana mill) VAR. HASS /</subfield>
    <subfield code="c">Ernesto Hern&#xE1;ndez Mart&#xED;nez.</subfield>
  </datafield>
  <datafield tag="264" ind1=" " ind2="1">
    <subfield code="a">Lima :</subfield>
    <subfield code="b">Asamblea Nacional de Rectores,</subfield>
    <subfield code="c">2006.</subfield>
  </datafield>
  <datafield tag="300" ind1=" " ind2=" ">
    <subfield code="a">178 p&#xE1;ginas :</subfield>
    <subfield code="b">ilustraciones ;</subfield>
    <subfield code="c">24 cent&#xED;metros</subfield>
  </datafield>
  <datafield tag="336" ind1=" " ind2=" ">
    <subfield code="a">text</subfield>
    <subfield code="2">rdacontent</subfield>
  </datafield>
  <datafield tag="337" ind1=" " ind2=" ">
    <subfield code="a">unmediated</subfield>
    <subfield code="2">rdamedia</subfield>
  </datafield>
  <datafield tag="338" ind1=" " ind2=" ">
    <subfield code="a">volume</subfield>
    <subfield code="2">rdacarrier</subfield>
  </datafield>
  <datafield tag="504" ind1=" " ind2=" ">
    <subfield code="a">Incluye bibliograf&#xED;a.</subfield>
  </datafield>
  <datafield tag="505" ind1="0" ind2=" ">
    <subfield code="a">Generalidades de la palta -- Origen y clasificaci&#xF3;n taxon&#xF3;mica -- Caracter&#xED;sticas bot&#xE1;nicas -- Principales variedades de palta producidas en el Per&#xFA; -- Momento &#xF3;ptimo para la cosecha e &#xED;ndices de madurez -- Composici&#xF3;n qu&#xED;mica y valor nutricional de la palta -- Enzimas presentes en la palta -- Fen&#xF3;menos de deterioro de la pulpa de la palta -- Pardeamiento enzim&#xE1;tico -- Deteminaci&#xF3;n de la cin&#xE9;tica de la polifenoloxidasa -- Extracci&#xF3;n de la enzima polifenoloxidasa -- Determinaci&#xF3;n de la actividad enzim&#xE1;tica -- Actividad enzim&#xE1;tica a diferentes pH y temperaturas -- Velocidad m&#xE1;xima de reacci&#xF3;n (Vmax) -- Deterioro microbiano -- Rancidez oxidativa -- M&#xE9;todos de conservaci&#xF3;n del pur&#xE9; de palta -- Aplicaci&#xF3;n de aditivos -- Regularizaci&#xF3;n del pH -- Cambio de atm&#xF3;sfera -- Aplicaci&#xF3;n de fr&#xED;o -- Altas presiones -- Evaluaci&#xF3;n del color de la pulpa de palta -- Evaluaci&#xF3;n sensorial de la pulpa de palta -- Materiales y m&#xE9;todos -- Lugar de ejecuci&#xF3;n -- Materia Prima -- Materiales y equipos -- M&#xE9;todos de an&#xE1;lisis -- An&#xE1;lisis qu&#xED;mico proximal -- Cin&#xE9;tica de la enzima polifenoloxidasa -- Determinaci&#xF3;n de la actividad enzim&#xE1;tica -- Extracci&#xF3;n de la polifenoloxidasa -- Medida de la actividad de la polifenoloxidasa -- Influencia del pH y de la temperatura en la actividad enzim&#xE1;tica -- Influencia de la temperatura sobre la actividad -- C&#xE1;lculo de la velocidad m&#xE1;xima de reacci&#xF3;n -- Medici&#xF3;n del color -- Coordenadas hunter L, a y b -- Valores de hue y croma -- Diferencia total del color (E o DTC) -- Evaluaci&#xF3;n del pH -- An&#xE1;lisis sensorial -- Prueba triangular -- Escala hed&#xF3;nica -- Prueba de orden de peferencia (Ranking) -- An&#xE1;lisis microbiol&#xF3;gicos -- Metodolog&#xED;a experimetal -- Dise&#xF1;o experimental -- Primer factor: aplicaci&#xF3;n de aditivos -- Segundo factor: envasado al vac&#xED;o -- An&#xE1;lisis estad&#xED;stico -- Resultado y discusi&#xF3;n -- Caracterizaci&#xF3;n de la materia prima -- Caracterizaci&#xF3;n del pur&#xE9; de palta reci&#xE9;n procesado -- Composici&#xF3;n qu&#xED;mica proximal -- Cin&#xE9;tica de la enzima polifenoloxidasa (PFO) -- Actividad enzim&#xE1;tica a diferentes pH -- Actividad enzim&#xE1;tica a diferentes temperaturas -- Velocidad m&#xE1;xima de la actividad enzim&#xE1;tica -- Evaluaci&#xF3;n del color del pur&#xE9; de palta -- Evaluaci&#xF3;n del pH del pur&#xE9; de palta -- Caracter&#xED;sticas sensoriales -- Caracter&#xED;siticas microbiol&#xF3;gicas -- Cambios en el pur&#xE9; de palta durante el almacenamiento -- Cin&#xE9;tica de la enzima polifenoloxidasa -- Actividad enzim&#xE1;tica a diferentes pH -- Actividad enzim&#xE1;tica a diferentes temperaturas -- Velocidad m&#xE1;xima de actividad enzim&#xE1;tica (Vm&#xE1;x) -- Color -- Coordenadas de color L, a y b -- Valores de hue y croma -- Diferencia total del color (E o DTC) -- pH -- Caracter&#xED;sticas sensoriales -- Escala hed&#xF3;nica -- Prueba de orden de preferencia (Ranking) -- Caracter&#xED;sticas microbiol&#xF3;gicas.</subfield>
  </datafield>
  <datafield tag="526" ind1=" " ind2=" ">
    <subfield code="a">SEG44</subfield>
  </datafield>
  <datafield tag="526" ind1=" " ind2=" ">
    <subfield code="a">SEG26</subfield>
  </datafield>
  <datafield tag="526" ind1=" " ind2=" ">
    <subfield code="a">P159</subfield>
  </datafield>
  <datafield tag="526" ind1=" " ind2=" ">
    <subfield code="a">P155</subfield>
  </datafield>
  <datafield tag="526" ind1=" " ind2=" ">
    <subfield code="a">P154</subfield>
  </datafield>
  <datafield tag="526" ind1=" " ind2=" ">
    <subfield code="a">P153</subfield>
  </datafield>
  <datafield tag="526" ind1=" " ind2=" ">
    <subfield code="a">P150</subfield>
  </datafield>
  <datafield tag="526" ind1=" " ind2=" ">
    <subfield code="a">P100</subfield>
  </datafield>
  <datafield tag="526" ind1=" " ind2=" ">
    <subfield code="a">P31</subfield>
  </datafield>
  <datafield tag="526" ind1=" " ind2=" ">
    <subfield code="a">P30</subfield>
  </datafield>
  <datafield tag="526" ind1=" " ind2=" ">
    <subfield code="a">P26</subfield>
  </datafield>
  <datafield tag="526" ind1=" " ind2=" ">
    <subfield code="a">P25</subfield>
  </datafield>
  <datafield tag="526" ind1=" " ind2=" ">
    <subfield code="a">P24</subfield>
  </datafield>
  <datafield tag="526" ind1=" " ind2=" ">
    <subfield code="a">P22</subfield>
  </datafield>
  <datafield tag="526" ind1=" " ind2=" ">
    <subfield code="a">P15</subfield>
  </datafield>
  <datafield tag="526" ind1=" " ind2=" ">
    <subfield code="a">P10</subfield>
  </datafield>
  <datafield tag="650" ind1="0" ind2="4">
    <subfield code="a">Oxidaci&#xF3;n en paltas.</subfield>
  </datafield>
  <datafield tag="910" ind1=" " ind2=" ">
    <subfield code="b">jck</subfield>
    <subfield code="d">20110511</subfield>
  </datafield>
  <datafield tag="942" ind1=" " ind2=" ">
    <subfield code="2">ddc</subfield>
    <subfield code="c">BOOK</subfield>
  </datafield>
  <datafield tag="949" ind1=" " ind2=" ">
    <subfield code="a">574.1338 H41</subfield>
    <subfield code="w">DEWEY</subfield>
    <subfield code="c">1</subfield>
    <subfield code="i">62886</subfield>
    <subfield code="d">2016-4-22</subfield>
    <subfield code="e">2016-4-19</subfield>
    <subfield code="l">CCODEBUL1</subfield>
    <subfield code="m">BUL</subfield>
    <subfield code="n">1</subfield>
    <subfield code="p">19.00</subfield>
    <subfield code="r">0</subfield>
    <subfield code="s">Y</subfield>
    <subfield code="t">BOOK</subfield>
    <subfield code="u">2015-7-6</subfield>
    <subfield code="x">SALUD</subfield>
    <subfield code="z">UNKNOWN</subfield>
    <subfield code="0">COMPRA</subfield>
    <subfield code="o">.STAFF. Colecci&#xF3;n General</subfield>
  </datafield>
  <datafield tag="949" ind1=" " ind2=" ">
    <subfield code="a">583.31 H43 2006</subfield>
    <subfield code="w">DEWEY</subfield>
    <subfield code="c">1</subfield>
    <subfield code="i">FJ06067</subfield>
    <subfield code="l">CCODEBUJ1</subfield>
    <subfield code="m">BUJ</subfield>
    <subfield code="p">19.00</subfield>
    <subfield code="r">0</subfield>
    <subfield code="s">Y</subfield>
    <subfield code="t">BOOK</subfield>
    <subfield code="u">2017-05-11</subfield>
    <subfield code="x">INGENIERIA</subfield>
    <subfield code="P">P26</subfield>
    <subfield code="0">COMPRA</subfield>
    <subfield code="o">.STAFF -- Colecci&#xF3;n General Juliaca</subfield>
  </datafield>
  <datafield tag="949" ind1=" " ind2=" ">
    <subfield code="a">583.31 H43 2006</subfield>
    <subfield code="w">DEWEY</subfield>
    <subfield code="c">2</subfield>
    <subfield code="i">FJ06068</subfield>
    <subfield code="l">CCODEBUJ1</subfield>
    <subfield code="m">BUJ</subfield>
    <subfield code="p">19.00</subfield>
    <subfield code="r">0</subfield>
    <subfield code="s">Y</subfield>
    <subfield code="t">BOOK</subfield>
    <subfield code="u">2017-05-11</subfield>
    <subfield code="x">INGENIERIA</subfield>
    <subfield code="P">P26</subfield>
    <subfield code="0">COMPRA</subfield>
    <subfield code="o">.STAFF -- Colecci&#xF3;n General Juliaca</subfield>
  </datafield>
  <datafield tag="994" ind1=" " ind2=" ">
    <subfield code="a">C0</subfield>
    <subfield code="b">PEPRU</subfield>
  </datafield>
  <datafield tag="596" ind1=" " ind2=" ">
    <subfield code="a">1 3</subfield>
  </datafield>
  <datafield tag="999" ind1=" " ind2=" ">
    <subfield code="a">574.1338 H41</subfield>
    <subfield code="w">DEWEY</subfield>
    <subfield code="c">51914</subfield>
    <subfield code="i">62886</subfield>
    <subfield code="d">51914</subfield>
    <subfield code="e">2016-4-19</subfield>
    <subfield code="f">2021-11-5</subfield>
    <subfield code="g">4</subfield>
    <subfield code="l">CCODEBUL1</subfield>
    <subfield code="m">BUL</subfield>
    <subfield code="n">1</subfield>
    <subfield code="p">19.00</subfield>
    <subfield code="q">1</subfield>
    <subfield code="r">0</subfield>
    <subfield code="s">Y</subfield>
    <subfield code="t">BOOK</subfield>
    <subfield code="u">2015-7-6</subfield>
    <subfield code="x">BIBLIOTECA</subfield>
    <subfield code="z">UNKNOWN</subfield>
    <subfield code="0">COMPRA</subfield>
    <subfield code="o">.STAFF. Colecci&#xF3;n General</subfield>
  </datafield>
  <datafield tag="999" ind1=" " ind2=" ">
    <subfield code="a">583.31 H43 2006</subfield>
    <subfield code="w">DEWEY</subfield>
    <subfield code="c">1</subfield>
    <subfield code="i">FJ06067</subfield>
    <subfield code="f">2022-1-25</subfield>
    <subfield code="g">3</subfield>
    <subfield code="l">CCODEBUJ1</subfield>
    <subfield code="m">BUJ</subfield>
    <subfield code="p">19.00</subfield>
    <subfield code="r">0</subfield>
    <subfield code="s">Y</subfield>
    <subfield code="t">BOOK</subfield>
    <subfield code="u">2017-1-26</subfield>
    <subfield code="x">INGENIERIA</subfield>
    <subfield code="P">P26</subfield>
    <subfield code="0">COMPRA</subfield>
    <subfield code="o">.STAFF. Colecci&#xF3;n General Juliaca</subfield>
  </datafield>
  <datafield tag="999" ind1=" " ind2=" ">
    <subfield code="a">583.31 H43 2006</subfield>
    <subfield code="w">DEWEY</subfield>
    <subfield code="c">2</subfield>
    <subfield code="i">FJ06068</subfield>
    <subfield code="f">2022-1-25</subfield>
    <subfield code="g">3</subfield>
    <subfield code="l">CCODEBUJ1</subfield>
    <subfield code="m">BUJ</subfield>
    <subfield code="p">19.00</subfield>
    <subfield code="r">0</subfield>
    <subfield code="s">Y</subfield>
    <subfield code="t">BOOK</subfield>
    <subfield code="u">2017-1-26</subfield>
    <subfield code="x">INGENIERIA</subfield>
    <subfield code="P">P26</subfield>
    <subfield code="0">COMPRA</subfield>
    <subfield code="o">.STAFF. Colecci&#xF3;n General Juliaca</subfield>
  </datafield>
  <datafield tag="980" ind1=" " ind2=" ">
    <subfield code="8">1</subfield>
    <subfield code="g">ALBERTO SANCHEZ Responsable de Automatizaci&#xF3;n</subfield>
  </datafield>
  <datafield tag="952" ind1=" " ind2=" ">
    <subfield code="r">2025-12-02 00:00:00</subfield>
    <subfield code="i">5</subfield>
    <subfield code="l">2</subfield>
    <subfield code="o">574.1338 H41</subfield>
    <subfield code="p">62886</subfield>
    <subfield code="s">2023-04-03</subfield>
    <subfield code="t">e1</subfield>
    <subfield code="v">24.00</subfield>
    <subfield code="w">2015-07-06</subfield>
    <subfield code="x">FACIHED</subfield>
    <subfield code="y">BK</subfield>
    <subfield code="z">inventario-2023-12-13</subfield>
    <subfield code="1">0</subfield>
    <subfield code="2">ddc</subfield>
    <subfield code="5">0</subfield>
    <subfield code="7">0</subfield>
    <subfield code="8">GEN</subfield>
    <subfield code="f">P10</subfield>
    <subfield code="a">BUL</subfield>
    <subfield code="b">BUL</subfield>
    <subfield code="c">GEN</subfield>
    <subfield code="d">2015-07-06</subfield>
    <subfield code="e">COMPRA</subfield>
    <subfield code="g">19.00</subfield>
  </datafield>
</record>
